Влияние наноструктурированных порошков-модификаторов накаплеперенос электродного металла при сварке плавящимся электродом в среде аргона; Инновационные технологии и экономика в машиностроении

গ্রন্থ-পঞ্জীর বিবরন
Parent link:Инновационные технологии и экономика в машиностроении.— 2013.— [С. 75-77]
প্রধান লেখক: Кузнецов М. А. Максим Александрович
সংস্থা লেখক: Национальный исследовательский Томский политехнический университет (ТПУ) Юргинский технологический институт (филиал) (ЮТИ) Кафедра сварочного производства (КСП)
অন্যান্য লেখক: Зернин Е. А. Евгений Александрович, Карцев Д. А.
সংক্ষিপ্ত:Заглавие с титульного листа.
ভাষা:রুশ
প্রকাশিত: 2013
মালা:Инновационные технологии получениянеразъемных соединений в машиностроении
বিষয়গুলি:
অনলাইন ব্যবহার করুন:http://www.lib.tpu.ru/fulltext/c/2013/C30/019.pdf
বিন্যাস: বৈদ্যুতিক গ্রন্থের অধ্যায়
KOHA link:https://koha.lib.tpu.ru/cgi-bin/koha/opac-detail.pl?biblionumber=605884

MARC

LEADER 00000naa2a2200000 4500
001 605884
005 20240116132758.0
035 |a (RuTPU)RU\TPU\conf\3228 
035 |a RU\TPU\conf\3224 
090 |a 605884 
100 |a 20140506d2013 k y0rusy50 ca 
101 0 |a rus 
102 |a RU 
105 |a a z 100zy 
135 |a drcn ---uucaa 
181 0 |a i  
182 0 |a b 
200 1 |a Влияние наноструктурированных порошков-модификаторов накаплеперенос электродного металла при сварке плавящимся электродом в среде аргона  |f М. А. Кузнецов, Е. А. Зернин, Д. А. Карцев 
203 |a Текст  |c электронный 
215 |a 1 файл (781 Кб) 
225 1 |a Инновационные технологии получениянеразъемных соединений в машиностроении 
300 |a Заглавие с титульного листа. 
320 |a [Библиогр.: с. 77 (2 назв.)] 
337 |a Adobe Reader 
463 1 |0 (RuTPU)RU\TPU\conf\2692  |t Инновационные технологии и экономика в машиностроении  |o сборник трудов IV Международной научно-практической конференции с элементами научной школы для молодых ученых, 23-25 мая 2013 г., Юрга  |f Национальный исследовательский Томский политехнический университет (ТПУ), Юргинский технологический институт (ЮТИ) ; под ред. Д. А. Чинахова  |v [С. 75-77]  |d 2013 
610 1 |a труды учёных ТПУ 
610 1 |a электронный ресурс 
610 1 |a наноструктурированные порошки 
610 1 |a модификаторы 
610 1 |a электродные металлы 
610 1 |a сварка 
610 1 |a плавящийся электрод 
610 1 |a аргон 
700 1 |a Кузнецов  |b М. А.  |c специалист в области сварочного производства  |c доцент Юргинского технологического института (филиала) Томского политехнического университета, кандидат технических наук  |f 1985-  |g Максим Александрович  |3 (RuTPU)RU\TPU\pers\29708  |9 14202 
701 1 |a Зернин  |b Е. А.  |c российский учёный в области сварки  |c доцент Юргинского технологического института (филиал) Томского политехнического университета  |g Евгений Александрович  |3 (RuTPU)RU\TPU\pers\24288 
701 1 |a Карцев  |b Д. А. 
712 0 2 |a Национальный исследовательский Томский политехнический университет (ТПУ)  |b Юргинский технологический институт (филиал) (ЮТИ)  |b Кафедра сварочного производства (КСП)  |3 (RuTPU)RU\TPU\col\18891 
801 2 |a RU  |b 63413507  |c 20140506  |g RCR 
856 4 |u http://www.lib.tpu.ru/fulltext/c/2013/C30/019.pdf 
942 |c BK